[Event "Chigorin Memorial"]
[Site "St Petersburg RUS"]
[Date "2013.10.07"]
[Round "3.114"]
[White "Fokin, Anatoly"]
[Black "Glazov, Anatoly"]
[Result "0-1"]
[WhiteElo "1765"]
[BlackElo "1900"]
[WhiteFideId "24124451"]
[BlackFideId "4192281"]
[EventDate "2013.10.05"]

1. d4 Nf6 2. c4 c6 3. Nc3 d5 4. e3 Nbd7 5. Nf3 g6 6. Bd3 dxc4 7. Bxc4 Nb6 8. Bd3
Bg7 9. O-O Nbd5 10. e4 Nxc3 11. bxc3 O-O 12. Qb3 Qc7 13. Re1 b5 14. a4 Be6 15.
Qa3 a6 16. Ng5 Ng4 17. f4 Qd6 18. h3 Bxd4+ 19. Kf1 Bc5 20. Qxc5 Qxc5 21. hxg4
Bxg4 22. Bb2 Rad8 23. Be2 Rd2 24. Bc1 Rxe2 25. Rxe2 Bxe2+ 26. Kxe2 Qxc3 0-1

[Event "Chigorin Memorial"]
[Site "St Petersburg RUS"]
[Date "2013.10.07"]
[Round "3.115"]
[White "Petrochenko, Maria"]
[Black "Shpakovsky, Kirill"]
[Result "1/2-1/2"]
[WhiteElo "1759"]
[BlackElo "1891"]
[WhiteFideId "24161420"]
[BlackFideId "4168852"]
[EventDate "2013.10.05"]

1. d4 c6 2. c4 Nf6 3. Nc3 d5 4. Nf3 a6 5. e3 Bg4 6. Qb3 Bc8 7. Bd3 e6 8. a4 a5
9. Bd2 Nbd7 10. e4 dxe4 11. Nxe4 Nxe4 12. Bxe4 Nf6 13. Bc2 Be7 14. O-O O-O 15.
Bf4 Nh5 16. Qd3 g6 17. Be5 Bd6 18. Qe3 Qe7 19. Rad1 Rd8 20. Nd2 f5 21. Bb3 c5
22. Bxd6 Rxd6 23. dxc5 Rc6 24. Nf3 Rxc5 25. Ne5 b6 26. Rd2 f4 27. Qe2 Bb7 28.
Rd7 f3 29. Qxf3 Qxd7 30. Nxd7 Bxf3 31. Nxc5 bxc5 32. gxf3 Rb8 33. Bd1 Rxb2 34.
Re1 Nf4 35. Kf1 Rd2 36. Bb3 Rb2 37. Bd1 Rd2 38. Bb3 Rb2 39. Bd1 1/2-1/2

[Event "Chigorin Memorial"]
[Site "St Petersburg RUS"]
[Date "2013.10.07"]
[Round "3.117"]
[White "Stepanov, Andrey"]
[Black "Aleksandrov, Grigoriy"]
[Result "1-0"]
[WhiteElo "1731"]
[BlackElo "1890"]
[WhiteFideId "24198730"]
[BlackFideId "24199656"]
[EventDate "2013.10.05"]

1. e4 c5 2. Nf3 d6 3. d4 cxd4 4. Nxd4 Nf6 5. Nc3 a6 6. Bg5 e6 7. f4 Qc7 8. Qf3
Nbd7 9. O-O-O Be7 10. g4 e5 11. Nf5 exf4 12. Nxe7 Ne5 13. Ned5 Nxd5 14. Nxd5
Qxc2+ 15. Kxc2 Nxf3 16. Nc7+ Kd7 17. Nxa8 Nxg5 18. Nb6+ Kc6 19. Nxc8 Rxc8 20.
Bd3 Ne6 21. Kd2 Kd7 22. Rc1 Re8 23. h4 Nc5 24. Rhe1 f6 25. b4 Ne6 26. a4 Nd4 27.
Kc3 Nf3 28. Rf1 Ne5 29. Kd4 g5 30. hxg5 fxg5 31. Rh1 Re7 32. Rh5 h6 33. Be2 Nc6+
34. Rxc6 bxc6 35. Rxh6 c5+ 36. bxc5 dxc5+ 37. Kd5 1-0

[Event "Chigorin Memorial"]
[Site "St Petersburg RUS"]
[Date "2013.10.07"]
[Round "3.118"]
[White "Mamyrbay, Assad"]
[Black "Pitkanen, Juhani"]
[Result "1-0"]
[WhiteElo "1888"]
[BlackElo "1744"]
[WhiteFideId "13708880"]
[BlackFideId "504432"]
[EventDate "2013.10.05"]

1. e4 c5 2. Nf3 e6 3. d4 cxd4 4. Nxd4 a6 5. Bd3 Bc5 6. Nb3 Be7 7. Qg4 Bf6 8. O-O
Nc6 9. f4 d6 10. Nc3 Nge7 11. Bd2 O-O 12. Rae1 Ng6 13. a4 b6 14. Rf3 Nb4 15. Rh3
Nxd3 16. cxd3 Re8 17. Qh5 Nf8 18. e5 g6 19. Qf3 1-0

[Event "Chigorin Memorial"]
[Site "St Petersburg RUS"]
[Date "2013.10.07"]
[Round "3.120"]
[White "Sorokina, Svetlana"]
[Black "Nuritdinov, Nizomiddin"]
[Result "1-0"]
[WhiteElo "1716"]
[BlackElo "1882"]
[WhiteFideId "24166006"]
[BlackFideId "14203820"]
[EventDate "2013.10.05"]

1. d4 d5 2. c4 e6 3. Nc3 c6 4. Nf3 Nf6 5. Bg5 Be7 6. e3 O-O 7. Qc2 h6 8. Bh4 Re8
9. Rd1 Nbd7 10. Bd3 Qa5 11. O-O dxc4 12. Bxc4 b5 13. Bd3 Bb7 14. Bxf6 Nxf6 15.
Nd2 Rac8 16. Nce4 Nd5 17. Nb3 Qb6 18. a3 a5 19. Nbc5 Rc7 20. Rc1 Bc8 21. Qe2 Bf8
22. f4 f5 23. Nd2 Rf7 24. Nf3 Bd6 25. Ne5 Bxe5 26. fxe5 Nc7 27. Qh5 Na6 28. g4
Nxc5 29. Rxc5 Qd8 30. gxf5 exf5 31. Bxf5 Rc7 32. h4 Rf8 33. Qg6 Rxf5 34. Qxf5
Qxh4 35. Qf8+ Kh7 36. Qf4 Qe7 37. Qf5+ Kg8 38. Rf4 Bb7 39. Qg6 Bc8 40. Rxc6 Rxc6
41. Qxc6 Be6 42. Kf2 Bc4 43. Qd6 Qe8 44. e4 a4 45. d5 Qa8 46. Qd7 Qa5 47. Qe6+
Kh7 48. Qf5+ Kg8 49. Kg2 Qe1 50. Rf2 Bd3 51. Kf3 Qd1+ 52. Ke3 Bc4 53. Qf7+ Kh8
54. e6 Qd3+ 55. Kf4 Qd4 56. Rg2 Bd3 57. Qf8+ Kh7 58. Qf5+ Kg8 59. Qe5 g5+ 60.
Kf5 Qe3 61. Rg4 Kh7 62. Qc7+ Kh8 63. Qd8+ Kh7 64. Qe7+ Kh8 65. Qe8+ Kh7 66. Qf7+
Kh8 67. Qf6+ Kh7 68. Qg6+ Kh8 69. Qxh6+ 1-0

[Event "Chigorin Memorial"]
[Site "St Petersburg RUS"]
[Date "2013.10.07"]
[Round "3.121"]
[White "Gantsevich, Dmitry"]
[Black "Kunin, Pavel"]
[Result "0-1"]
[WhiteElo "1655"]
[BlackElo "1880"]
[WhiteFideId "24162582"]
[BlackFideId "34107093"]
[EventDate "2013.10.05"]

1. e4 e5 2. Nf3 d6 3. d4 exd4 4. Nxd4 Nf6 5. Nc3 Be7 6. Bf4 O-O 7. Qd2 a6 8.
O-O-O b5 9. f3 Bb7 10. Nf5 Nbd7 11. g4 Nb6 12. Rg1 b4 13. Ne2 a5 14. Neg3 Re8
15. Nh5 g6 16. Nxe7+ Qxe7 17. Bg5 gxh5 18. gxh5 Kh8 19. Qf4 Nbd7 20. Bb5 Qe5 21.
Qxe5 Rxe5 22. Bxd7 Nxd7 23. Bh6 f6 24. Bg7+ Kg8 25. Bxf6+ Kf7 26. Bxe5 Nxe5 27.
f4 Nf3 28. Rg3 Bxe4 29. h6 Ke6 30. h3 d5 31. Rf1 Nd4 32. Rf2 Nf5 33. Rg5 Rf8 34.
Kd2 Nxh6 35. Rh5 Rf6 36. c3 bxc3+ 37. bxc3 Nf7 38. Ke3 c5 39. Rb2 Nd6 40. Re5+
Kd7 41. Ke2 Nc4 42. Rb7+ Kc6 43. Ree7 Rxf4 44. Rec7+ Kd6 45. Rd7+ Ke6 46. Re7+
Kf6 47. Rf7+ Kg5 48. Rg7+ Kh4 49. Rg1 d4 50. cxd4 Bxb7 0-1

[Event "Chigorin Memorial"]
[Site "St Petersburg RUS"]
[Date "2013.10.07"]
[Round "3.122"]
[White "Dyakov, Vladislav"]
[Black "Elizarova, Taisia"]
[Result "0-1"]
[WhiteElo "1879"]
[BlackElo "1715"]
[WhiteFideId "24177261"]
[BlackFideId "24128350"]
[EventDate "2013.10.05"]

1. e4 e6 2. d4 d5 3. Nc3 Nf6 4. Bg5 dxe4 5. Nxe4 Nbd7 6. Nf3 Be7 7. Nxf6+ Bxf6
8. Bxf6 Qxf6 9. Qd2 c5 10. O-O-O O-O 11. h4 cxd4 12. Nxd4 Nc5 13. Qe3 b6 14. h5
h6 15. Rg1 Bb7 16. g4 e5 17. Nf5 Rfd8 18. Bh3 Qg5 19. Qxg5 hxg5 20. Rge1 f6 21.
Nd6 Bf3 22. Rd2 Ne6 23. Re3 Bc6 24. Bf1 Nd4 25. Bc4+ Kf8 26. Nf7 Rd7 27. c3 Rc8
28. Kb1 b5 29. h6 gxh6 30. cxd4 bxc4 31. Nxh6 exd4 32. Re6 Kg7 33. Nf5+ Kf7 34.
Re1 d3 35. a3 Rb8 36. Ne3 c3 37. Rdd1 Rxb2+ 38. Ka1 d2 39. Rf1 Bf3 40. Rb1 Rxb1+
41. Kxb1 d1=Q+ 0-1

[Event "Chigorin Memorial"]
[Site "St Petersburg RUS"]
[Date "2013.10.07"]
[Round "3.123"]
[White "Golubeva, Maria"]
[Black "Bezobrazov, Lev"]
[Result "1-0"]
[WhiteElo "1864"]
[BlackElo "1648"]
[WhiteFideId "24135542"]
[BlackFideId "4152409"]
[EventDate "2013.10.05"]

1. d4 d5 2. c4 Nc6 3. Nc3 dxc4 4. e3 Na5 5. Nf3 Bg4 6. Qa4+ c6 7. Ne5 Bh5 8. d5
Qc7 9. dxc6 Nxc6 10. Nxc4 e6 11. Nb5 Qb8 12. Nd4 Bb4+ 13. Bd2 Bxd2+ 14. Nxd2 Ne7
15. Bb5 O-O 16. Bxc6 Nxc6 17. Nxc6 bxc6 18. b3 Qd6 19. Qc4 Rfd8 20. Qc3 Rd7 21.
f3 Rad8 22. Rd1 Qc7 23. Ke2 Bg6 24. e4 h5 25. g3 Qb6 26. Nc4 Qa6 27. Qc2 e5 28.
Rxd7 Rxd7 29. Rd1 Rxd1 30. Kxd1 f6 31. Qd2 Kh7 32. Ke1 Qb7 33. Qd6 Qb4+ 34. Qd2
Qb8 35. Kf2 h4 36. Qd6 hxg3+ 37. hxg3 Qc8 38. Qe7 c5 39. Kg2 a5 40. Qa7 Qc6 41.
Nxa5 Qd6 42. Nc4 Qd4 43. Qa5 f5 44. exf5 Bxf5 45. Qd2 Qxd2+ 46. Nxd2 Kg6 47. Ne4
Bxe4 48. fxe4 Kf6 49. Kf3 Ke6 50. Kg4 Kd6 51. Kf5 1-0

[Event "Chigorin Memorial"]
[Site "St Petersburg RUS"]
[Date "2013.10.07"]
[Round "3.124"]
[White "Jourde, Michel"]
[Black "Pankova, Julia"]
[Result "1/2-1/2"]
[WhiteElo "1849"]
[BlackElo "1621"]
[WhiteFideId "644994"]
[BlackFideId "34103276"]
[EventDate "2013.10.05"]

1. e4 c5 2. d4 cxd4 3. c3 dxc3 4. Nxc3 Nc6 5. Nf3 e6 6. Bc4 a6 7. Bf4 Nge7 8.
O-O Ng6 9. Bg3 Be7 10. Qe2 b5 11. Bb3 Bb7 12. Rad1 Na5 13. Bc2 h5 14. h3 h4 15.
Bh2 Bg5 16. Nd4 Qf6 17. e5 Qe7 18. Qg4 Nc4 19. Ne4 Bxe4 20. Qxe4 Rc8 21. Qb7 Rd8
22. Nf3 Nxb2 23. Rb1 Nc4 24. Qxa6 Na3 25. Rb2 Nxc2 26. Rxc2 b4 27. Rd1 Bf4 28.
Rc4 Bxh2+ 29. Kxh2 O-O 30. Qa4 d5 31. exd6 Rxd6 32. Rcd4 Rxd4 33. Rxd4 Qc7+ 34.
Kh1 Qc1+ 35. Rd1 Qc5 36. Kg1 Rc8 37. Rb1 Rb8 38. a3 b3 39. Rxb3 Rd8 40. Rb1 Qe7
41. Qb3 Ra8 42. a4 Qc5 43. Ra1 Ra5 44. Qd3 Qd5 45. Qc2 Rc5 46. Qb2 Ra5 47. Qb8+
Kh7 48. Qe8 Qb7 49. Qd8 Qd5 50. Qc7 Rc5 51. Qxf7 Qf5 52. Qe8 Qf6 53. Re1 Nf4 54.
Qd7 Nxh3+ 55. Kf1 Nf4 56. Qd6 Rc3 57. Qd1 h3 58. g3 Ng2 59. Nh2 Nxe1 60. Qxe1
Rxg3 61. Qe4+ Kg8 62. Qa8+ Kh7 63. Qe4+ g6 64. Ng4 Qa1+ 65. Ke2 Qb2+ 66. Kf1
Qc1+ 67. Ke2 Qb2+ 68. Kf1 Rc3 69. Kg1 Rc1+ 70. Kh2 Qb8+ 71. Ne5 Qb1 72. Qh4+ Kg7
73. Qe7+ Kh6 74. Qh4+ 1/2-1/2

[Event "Chigorin Memorial"]
[Site "St Petersburg RUS"]
[Date "2013.10.07"]
[Round "3.125"]
[White "Demura, Anna"]
[Black "Khatenever, Feliks"]
[Result "0-1"]
[WhiteElo "1652"]
[BlackElo "1837"]
[WhiteFideId "24167142"]
[BlackFideId "4131800"]
[EventDate "2013.10.05"]

1. e4 c5 2. Nf3 a6 3. d4 cxd4 4. Nxd4 e6 5. Nc3 Nc6 6. a3 Nf6 7. Bg5 Be7 8. Be2
Nxe4 9. Nxe4 Bxg5 10. Nd6+ Kf8 11. O-O Nxd4 12. Qxd4 Bf6 13. Qf4 Qb6 14. Nc4 Qd4
15. Qxd4 Bxd4 16. c3 Bc5 17. b4 Be7 18. Nb6 Rb8 19. Rad1 Ke8 20. Rd2 Bd8 21.
Nxc8 Rxc8 22. c4 Bg5 23. f4 Be7 24. Rfd1 d6 25. g3 h5 26. Bf3 Rc7 27. Kg2 h4 28.
Rd4 hxg3 29. hxg3 b6 30. Be2 g6 31. R4d2 Kf8 32. Rd4 Kg7 33. Rh1 Rxh1 34. Kxh1
Kf6 35. Kg2 e5 36. Rd5 exf4 37. gxf4 Ke6 38. Kf3 b5 39. Rd4 Rb7 40. Ke4 f5+ 41.
Ke3 Bf6 42. Rd2 g5 43. Bf3 Rh7 44. Bd5+ Ke7 45. Re2 g4 46. Kf2+ Kd8 47. cxb5
Bd4+ 48. Kg2 axb5 49. Bc6 Ra7 50. Bxb5 Rxa3 51. Rd2 Be3 52. Rxd6+ Ke7 53. Rd5
Ra2+ 54. Kh1 Kf6 55. Rd6+ Kg7 56. Rd5 g3 57. Rd7+ Kh6 58. Rd6+ Kh5 59. Be8+ Kg4
60. Rg6+ Kxf4 0-1

[Event "Chigorin Memorial"]
[Site "St Petersburg RUS"]
[Date "2013.10.07"]
[Round "3.126"]
[White "Orel, Danil"]
[Black "Soliva Ruiz, Ramon"]
[Result "1-0"]
[WhiteElo "1831"]
[BlackElo "1589"]
[WhiteFideId "24164895"]
[BlackFideId "32043376"]
[EventDate "2013.10.05"]

1. e4 c5 2. Nf3 d6 3. c3 Nc6 4. Be2 Nf6 5. d4 cxd4 6. cxd4 Nxe4 7. d5 Qa5+ 8.
Nc3 Nxc3 9. bxc3 Nb8 10. O-O g6 11. Qd4 Rg8 12. Bd2 Bg7 13. Qe4 Bf5 14. Qf4 Qxd5
15. Bc4 Qe4 16. Bxf7+ Kf8 17. Qxe4 Bxe4 18. Bxg8 Bxf3 19. Be6 Bc6 20. f4 Bd7 21.
f5 Bxe6 22. fxe6+ Kg8 23. Rab1 b6 24. Bg5 Nc6 25. Rf7 Re8 26. c4 h6 27. Bc1 Ne5
28. Rf4 Nd3 29. Rd4 Nc5 30. Rg4 Kh7 31. Bb2 Nxe6 32. Bxg7 Kxg7 33. Re1 Nc5 34.
Rd4 Kf7 35. Rf4+ Kg8 36. Ref1 Nd7 37. R1f3 g5 38. Re4 Ne5 39. Ra3 Nc6 40. h4 Kg7
41. hxg5 hxg5 42. Rg3 Kf6 43. Rf3+ Kg7 44. Rg4 Kh6 45. Rfg3 Ne5 46. Rxg5 Nxc4
47. R5g4 Kh5 48. Rxc4 e5 49. Rc7 Kh6 50. Rcg7 e4 51. Rg8 Rxg8 52. Rxg8 1-0

[Event "Chigorin Memorial"]
[Site "St Petersburg RUS"]
[Date "2013.10.07"]
[Round "3.128"]
[White "Gantsevich, Aleksey A."]
[Black "Mikhaylov, Dimitri"]
[Result "1-0"]
[WhiteElo "1614"]
[BlackElo "1819"]
[WhiteFideId "24195863"]
[BlackFideId "13901273"]
[EventDate "2013.10.05"]

1. e4 Nf6 2. e5 Nd5 3. d4 d6 4. Nf3 g6 5. Bc4 Nb6 6. Bb3 Bg7 7. exd6 cxd6 8. O-O
O-O 9. Re1 Bg4 10. c3 Nc6 11. h3 Bxf3 12. Qxf3 e6 13. Nd2 d5 14. Nf1 Rc8 15. Bf4
Na5 16. Ne3 Qd7 17. Ng4 h5 18. Ne3 Nxb3 19. axb3 a6 20. g4 f6 21. gxh5 e5 22.
Bh2 g5 23. Qf5 Qf7 24. Ng4 exd4 25. h6 Bh8 26. cxd4 Rc6 27. Re2 Rfc8 28. Rae1
Rc1 29. Kg2 Rxe1 30. Rxe1 Rc6 31. Re3 Nc8 32. Rc3 Ne7 33. Qd7 Ng6 34. Qd8+ Kh7
35. Bg3 f5 36. Rxc6 bxc6 37. Ne5 Nxe5 38. Bxe5 Bxe5 39. dxe5 Qe6 40. Qc7+ Kh8
41. Qg7# 1-0

[Event "Chigorin Memorial"]
[Site "St Petersburg RUS"]
[Date "2013.10.08"]
[Round "4.75"]
[White "Erenberg, Ariel"]
[Black "Biriukov, Oleg V."]
[Result "0-1"]
[BlackTitle "IM"]
[WhiteElo "2029"]
[BlackElo "2328"]
[WhiteFideId "2811634"]
[BlackFideId "4123174"]
[EventDate "2013.10.05"]

1. d4 Nf6 2. c4 e6 3. Nc3 Bb4 4. e3 O-O 5. Ne2 d5 6. a3 Be7 7. cxd5 Nxd5 8. Bd2
Nd7 9. g3 N5b6 10. Bg2 e5 11. O-O exd4 12. Nxd4 Ne5 13. Qc2 c5 14. Nde2 Qd3 15.
Qc1 Rd8 16. Be1 g5 17. Be4 Qa6 18. f4 Nd3 19. Qc2 Bh3 20. Rd1 c4 21. Bg2 Bxg2
22. Kxg2 Nd5 23. Nxd5 Rxd5 24. Nd4 Bc5 25. Nf3 g4 26. Ne5 Rxe5 27. fxe5 Qc6+ 28.
Kg1 Bxe3+ 29. Bf2 Nxf2 30. Rxf2 Qf3 31. Rd2 Re8 32. Qxc4 Rxe5 33. Qe2 Qxe2 34.
Rxe2 Bxf2+ 35. Rxf2 Re1+ 36. Kg2 Rb1 37. Rc2 Kg7 38. h3 h5 39. hxg4 hxg4 40. Kf2
Kg6 41. b4 b6 42. Rc7 Rb2+ 43. Ke3 Rb3+ 44. Kf4 Rxa3 45. Kxg4 b5 46. Rb7 a6 47.
Rb6+ f6 48. Rc6 Ra4 49. Kf3 Kf5 50. g4+ Ke5 51. Kg3 Ra3+ 52. Kf2 Ra2+ 53. Kf3
Ra1 54. Kg2 Ra4 55. Kf3 Rxb4 56. Rxa6 Rf4+ 57. Kg3 f5 58. g5 Rg4+ 59. Kf3 Kd4
60. g6 b4 61. Ke2 Rg3 62. Kd2 Rg2+ 63. Kc1 b3 64. Rb6 Kc3 65. Rc6+ Kd3 66. Rb6
b2+ 67. Kb1 f4 68. Rb3+ Ke4 69. Rb4+ Kf5 70. Rxb2 Rxb2+ 71. Kxb2 Kxg6 72. Kc2
Kg5 73. Kd3 Kg4 74. Ke2 Kg3 75. Kf1 Kf3 76. Kg1 Ke2 0-1

[Event "Chigorin Memorial"]
[Site "St Petersburg RUS"]
[Date "2013.10.09"]
[Round "5.1"]
[White "Matlakov, Maxim"]
[Black "Kokarev, Dmitry"]
[Result "1/2-1/2"]
[WhiteTitle "GM"]
[BlackTitle "GM"]
[WhiteElo "2682"]
[BlackElo "2611"]
[WhiteFideId "4168003"]
[BlackFideId "4132181"]
[EventDate "2013.10.05"]

1. d4 Nf6 2. c4 c5 3. d5 e6 4. Nc3 exd5 5. cxd5 d6 6. Nf3 g6 7. Nd2 Nbd7 8. e4
Bg7 9. Be2 O-O 10. O-O Re8 11. Re1 a6 12. a4 Ne5 13. Ra3 g5 14. Nf1 h6 15. Qc2
Rb8 16. Ng3 Ng6 17. Nd1 Qe7 18. f3 b5 19. axb5 axb5 20. Ne3 Nh4 21. Bd2 Nh7 22.
Ra5 b4 23. Bb5 Rd8 24. Bf1 Nf8 25. Kh1 Bd4 26. Ne2 Bg7 27. Ng3 Bd4 28. Ne2 Bg7
29. Ng3 1/2-1/2

[Event "Chigorin Memorial"]
[Site "St Petersburg RUS"]
[Date "2013.10.09"]
[Round "5.13"]
[White "Paravyan, David"]
[Black "Romanov, Evgeny"]
[Result "0-1"]
[BlackTitle "GM"]
[WhiteElo "2444"]
[BlackElo "2654"]
[WhiteFideId "4194985"]
[BlackFideId "4148843"]
[EventDate "2013.10.05"]

1. e4 e5 2. Nf3 Nc6 3. Bb5 g6 4. c3 a6 5. Ba4 Bg7 6. d4 exd4 7. cxd4 b5 8. Bb3
Nge7 9. Bd2 d5 10. exd5 Nxd5 11. Qe2+ Be6 12. Bxd5 Qxd5 13. Nc3 Qf5 14. g4 Qxg4
15. d5 b4 16. Nd1 Ne5 17. Nxe5 Qxe2+ 18. Kxe2 Bxd5 19. Nf3 Bc4+ 20. Ke1 Bd5 21.
Ke2 O-O-O 22. Bxb4 Bc4+ 23. Ke1 Bd5 24. Ke2 Rhe8+ 25. Ne3 Bc4+ 26. Ke1 Bd5 27.
Ke2 f5 28. Rac1 f4 29. Ba5 Rd7 30. Rhg1 fxe3 31. fxe3 Bxb2 32. Rc2 Bxf3+ 33.
Kxf3 Rxe3+ 34. Kxe3 Bd4+ 35. Ke4 Bxg1 36. Ke5 Kb7 37. Ke6 Rd6+ 38. Kf7 c5 39.
Rb2+ Kc6 40. Ke7 c4 41. h4 Bc5 0-1

[Event "Chigorin Memorial"]
[Site "St Petersburg RUS"]
[Date "2013.10.09"]
[Round "5.14"]
[White "Yagupov, Igor"]
[Black "Kovalenko, Igor"]
[Result "0-1"]
[WhiteTitle "GM"]
[BlackTitle "GM"]
[WhiteElo "2432"]
[BlackElo "2644"]
[WhiteFideId "4113632"]
[BlackFideId "14117908"]
[EventDate "2013.10.05"]

1. e4 c6 2. d4 d5 3. Nc3 dxe4 4. Nxe4 Bf5 5. Ng3 Bg6 6. h4 h6 7. Nf3 Nf6 8. Ne5
Bh7 9. Bd3 Bxd3 10. Qxd3 e6 11. Bd2 Nbd7 12. f4 c5 13. O-O-O cxd4 14. Ng6 Rg8
15. Nxf8 Nxf8 16. Rhe1 Qd7 17. Qa3 Ng6 18. f5 Ne7 19. fxe6 fxe6 20. Rxe6 Qxe6
21. Re1 Qd7 22. Bb4 O-O-O 23. Rxe7 Qd5 24. Qxa7 Rd7 25. Re1 d3 26. cxd3 Qxd3 27.
Qa8+ Kc7 28. Ba5+ Kc6 29. Qa7 Rc8 30. Bc3 Qxg3 31. Re6+ Rd6 32. Re7 Rd1+ 33. Kc2
Qd3+ 34. Kb3 Kd6 35. Qa3+ Rc5 36. Rxb7 Qd5+ 37. Kc2 Rd2+ 38. Kc1 Qxb7 39. Kxd2
Ne4+ 0-1

[Event "Chigorin Memorial"]
[Site "St Petersburg RUS"]
[Date "2013.10.09"]
[Round "5.15"]
[White "Sjugirov, Sanan"]
[Black "Iljiushenok, Ilia"]
[Result "1-0"]
[WhiteTitle "GM"]
[WhiteElo "2635"]
[BlackElo "2418"]
[WhiteFideId "4189302"]
[BlackFideId "24105074"]
[EventDate "2013.10.05"]

1. e4 e5 2. Nf3 Nc6 3. Bb5 f5 4. d3 fxe4 5. dxe4 Nf6 6. O-O d6 7. Nc3 Be7 8. Qd3
Bg4 9. Qc4 Bxf3 10. Bxc6+ bxc6 11. Qxc6+ Nd7 12. gxf3 O-O 13. Nd5 Nb6 14. f4
exf4 15. Bxf4 Nxd5 16. Qxd5+ Kh8 17. Bg3 Bf6 18. Rab1 Qe8 19. f4 Qg6 20. Kh1
Rad8 21. b3 h5 22. Rg1 Rfe8 23. Rbe1 Qg4 24. Bf2 Qf3+ 25. Rg2 h4 26. Re3 Qxf4
27. Qh5+ Kg8 28. Rf3 Qe5 29. Rf5 Qe6 30. Rg4 Rf8 31. Qg6 Qf7 32. Qh6 Qe7 33. Qg6
d5 34. e5 Bxe5 35. Bxh4 Qd7 36. Rxe5 1-0

[Event "Chigorin Memorial"]
[Site "St Petersburg RUS"]
[Date "2013.10.09"]
[Round "5.16"]
[White "Mokshanov, Alexey"]
[Black "Demchenko, Anton"]
[Result "1/2-1/2"]
[WhiteTitle "FM"]
[BlackTitle "GM"]
[WhiteElo "2411"]
[BlackElo "2632"]
[WhiteFideId "24121657"]
[BlackFideId "4160258"]
[EventDate "2013.10.05"]

1. e4 e6 2. d4 d5 3. e5 c5 4. c3 Nc6 5. Nf3 Nh6 6. Bd3 cxd4 7. cxd4 Nf5 8. Bxf5
exf5 9. Nc3 Be6 10. h4 h6 11. Ne2 Be7 12. h5 Rc8 13. O-O O-O 14. Bd2 Qb6 15. Bc3
Rc7 16. Qd2 Rfc8 17. Rfc1 Qb5 18. Nf4 b6 19. Qd3 Qa4 20. Qd1 Qa6 21. Qd3 Qb7 22.
Bd2 Nb4 23. Rxc7 Rxc7 24. Bxb4 Bxb4 25. Qb3 Be7 26. Nd3 Qc8 27. Qd1 Qa6 28. Qd2
Qa4 29. Rc1 Rxc1+ 30. Nxc1 a5 31. b3 Qc6 32. Nd3 Kh7 33. Nf4 Bb4 34. Qb2 Be7 35.
Nxe6 fxe6 36. Ne1 Bb4 37. Qc2 Qe8 38. Nd3 Qxh5 39. Nxb4 axb4 40. Qd2 Qg5 1/2-1/2

[Event "Chigorin Memorial"]
[Site "St Petersburg RUS"]
[Date "2013.10.09"]
[Round "5.17"]
[White "Volkov, Sergey"]
[Black "Aitbayev, Aslan"]
[Result "0-1"]
[WhiteTitle "GM"]
[BlackTitle "IM"]
[WhiteElo "2628"]
[BlackElo "2403"]
[WhiteFideId "4122763"]
[BlackFideId "13704613"]
[EventDate "2013.10.05"]

1. d4 d6 2. c4 g6 3. e4 Bg7 4. Nc3 e5 5. Nf3 exd4 6. Nxd4 Ne7 7. h4 O-O 8. h5 c5
9. Nc2 Nbc6 10. Be3 Qb6 11. Rb1 Nd4 12. Bd3 Nec6 13. Nxd4 Nxd4 14. Qd2 Be6 15.
Bh6 Qc7 16. Bxg7 Kxg7 17. Ne2 Nxe2 18. Bxe2 Qe7 19. Rd1 Rad8 20. b3 Kg8 21. Qc3
Bd7 22. f3 Bc6 23. Kf2 Qe5 24. Qe3 g5 25. h6 Kh8 26. g3 Rde8 27. Rh5 Rg8 28. Bf1
Qf6 29. Kg1 g4 30. Qf4 Qxf4 31. gxf4 gxf3+ 32. Kf2 Rxe4 33. f5 Rd8 34. f6 Rf4
35. Rxc5 Rxf6 36. Rh5 Re8 37. Rd4 Ree6 38. c5 Kg8 39. Bc4 Re2+ 40. Kf1 dxc5 41.
Rxc5 Re8 42. Rg5+ Kf8 43. Rdg4 b5 44. Bd3 Rxh6 45. Bxb5 Rh1+ 46. Rg1 Bxb5+ 47.
Rxb5 Rh2 48. Rgg5 Ree2 49. Rh5 Rhf2+ 50. Kg1 Rg2+ 51. Kf1 Ref2+ 52. Ke1 Rxa2 0-1

[Event "Chigorin Memorial"]
[Site "St Petersburg RUS"]
[Date "2013.10.09"]
[Round "5.18"]
[White "Andriasian, Zaven"]
[Black "Tseitlin, Mark D"]
[Result "1/2-1/2"]
[WhiteTitle "GM"]
[BlackTitle "GM"]
[WhiteElo "2621"]
[BlackElo "2399"]
[WhiteFideId "13302000"]
[BlackFideId "2800128"]
[EventDate "2013.10.05"]

1. e4 c5 2. Nc3 d6 3. Nge2 Nf6 4. h3 Nc6 5. d4 cxd4 6. Nxd4 e5 7. Nf3 h6 8. Bc4
Be7 9. O-O Be6 10. Bb3 O-O 11. Be3 Na5 12. Qe2 Rc8 13. Rfd1 Nc4 14. Bxc4 Bxc4
15. Qe1 Qc7 16. a4 b6 17. Nh4 Be6 18. Nf5 Bxf5 19. exf5 Rfd8 20. f4 exf4 21.
Bxf4 Qc5+ 22. Kh1 Qxf5 23. Qxe7 Qxf4 24. Rf1 Qg5 25. Qxa7 d5 26. Rae1 Qg6 27.
Qxb6 Qxc2 28. Re2 Qg6 29. Rd2 Qg5 30. Qf2 Rc4 31. Rd3 Qe5 32. Re1 Qb8 33. Qd2
Rb4 34. Nxd5 Nxd5 35. Rxd5 Rxd5 36. Qxd5 Rxa4 37. Qc6 Qf4 38. Qe8+ Kh7 39. Qb5
Rb4 40. Qd3+ f5 41. Rf1 1/2-1/2

[Event "Chigorin Memorial"]
[Site "St Petersburg RUS"]
[Date "2013.10.09"]
[Round "5.19"]
[White "Arslanov, Shamil"]
[Black "Aleksandrov, Aleksej"]
[Result "1-0"]
[WhiteTitle "IM"]
[BlackTitle "GM"]
[WhiteElo "2405"]
[BlackElo "2600"]
[WhiteFideId "4192826"]
[BlackFideId "13500139"]
[EventDate "2013.10.05"]

1. d4 Nf6 2. c4 e6 3. g3 d5 4. Nf3 dxc4 5. Bg2 a6 6. Ne5 c5 7. Na3 cxd4 8. Naxc4
Bc5 9. O-O O-O 10. Bg5 a5 11. Rc1 Ra7 12. Nd2 b6 13. Nb3 Bb7 14. Nxc5 Bxg2 15.
Kxg2 Qd5+ 16. e4 Qxe5 17. Bf4 Qh5 18. Qxh5 Nxh5 19. Bd6 Re8 20. Nb3 d3 21. e5
Rd7 22. Rfd1 f6 23. f4 g5 24. Rxd3 gxf4 25. g4 fxe5 26. gxh5 Red8 27. Rd2 Na6
28. Rcd1 a4 29. Bxe5 f3+ 30. Kxf3 Rxd2 31. Nxd2 1-0

[Event "Chigorin Memorial"]
[Site "St Petersburg RUS"]
[Date "2013.10.09"]
[Round "5.22"]
[White "Stocek, Jiri"]
[Black "Akkozov, Berik"]
[Result "1-0"]
[WhiteTitle "GM"]
[BlackTitle "FM"]
[WhiteElo "2543"]
[BlackElo "2384"]
[WhiteFideId "304760"]
[BlackFideId "13704214"]
[EventDate "2013.10.05"]

1. c4 Nf6 2. d4 e6 3. Nc3 d5 4. Bg5 Nbd7 5. e3 c6 6. a3 Be7 7. Qc2 O-O 8. Nf3 a6
9. Rd1 h6 10. Bh4 b6 11. Bd3 dxc4 12. Bxc4 b5 13. Ba2 Bb7 14. O-O Qe8 15. Bb1 g6
16. Ne4 Nxe4 17. Qxe4 Ra7 18. Qf4 Kg7 19. Bxe7 Qxe7 20. Ne5 Ba8 21. Rc1 Rc8 22.
h4 h5 23. Be4 Rac7 24. Nxd7 Rxd7 25. Rc5 Qd6 26. Qg5 Qe7 27. Qe5+ f6 28. Qg3 f5
29. Bf3 Qd6 30. Re5 Kh7 31. Rc1 Bb7 32. Kh2 Rf8 33. Qf4 Rc8 34. Kg3 Kg7 35. Bd1
c5 36. Rcxc5 Rxc5 37. Rxc5 Qxf4+ 38. Kxf4 Bxg2 39. f3 Bf1 40. Bb3 Kf6 41. Rc6
Bc4 42. Bxc4 bxc4 43. Rxc4 a5 44. Rc6 Rb7 45. d5 Rxb2 46. Rxe6+ Kf7 47. Ra6 Rh2
48. Ke5 Rh3 49. Ra7+ 1-0